| 000 | 00375nam a22001457a 4500 | ||
|---|---|---|---|
| 082 | _aP-214 | ||
| 100 |
_aAfzaal Malik _947917 |
||
| 245 |
_aComputer Program for Design of Cantilever Retaining Wall _cAzhar Ali |
||
| 260 | _aMCE Risalpur | ||
| 300 |
_a145 P.: _bILL.; |
||
| 526 |
_a0 _b0 _c0 _dP_214 |
||
| 650 | _aProject | ||
| 700 |
_aTahir Kibriya _947918 |
||
| 942 |
_2ddc _cBK |
||
| 999 |
_c551002 _d551002 |
||